000 00628nam a2200193 i 4500
001 45949
003 ES-MaACL
005 20230906161314.0
007 t|
008 030327q1947 sp ||||1| spa d
100 1 _aCondomines Valls, Francisco de A.
_940147
245 1 0 _aArrendamiento de inmuebles urbanos
_b: estudio de derecho español /
_cFrancisco de A. Condomines Valls.
260 _aMadrid :
_bRevista de Derecho Privado,
_c[1947?] (
_fEspaña)
300 _aXII, 263 p. ;
_c22 cm.
490 1 _aSerie G ;
_v19
830 0 _aSerie G ;
_v19
_9229962
852 _aES-MaACL
_jC-4492
_bR.24011
999 _c45949
_d45949